La mejor mascota /
Kaydedildi:
| Yazar: | |
|---|---|
| Diğer Yazarlar: | |
| Materyal Türü: | Elektronik Ekitap |
| Dil: | İspanyolca İngilizce |
| Baskı/Yayın Bilgisi: |
Ciudad de México :
Fondo de Cultura Económica,
2021.
|
| Edisyon: | Primera edición en libro electrónico. |
| Seri Bilgileri: | Primerísimos.
|
| Konular: | |
| Online Erişim: | Digitalia Hispánica |
| Etiketler: |
Etiketle
Etiket eklenmemiş, İlk siz ekleyin!
|
MARC
| LEADER | 00000nam a2200000Ii 4500 | ||
|---|---|---|---|
| 001 | DIGFCE2557 | ||
| 003 | NyNyDIG | ||
| 006 | m o d | ||
| 007 | cr ||||||||||| | ||
| 008 | 250204s2021 mx a o 000 j spa d | ||
| 035 | |a (OCoLC)1500526930 | ||
| 040 | |a DGITA |b eng |e rda |e pn |c DGITA | ||
| 020 | |a 9786071671189 |q (electrónico-pdf) | ||
| 020 | |z 9789681683740 |q (rústica) | ||
| 041 | 1 | |a spa |h eng | |
| 050 | 1 | 4 | |a PZ7.L3234 ebook |
| 100 | 1 | |a LaRochelle, David, |e author. | |
| 240 | 1 | 0 | |a Best pet of all. |l Spanish |s (Pacheco) |
| 245 | 1 | 3 | |a La mejor mascota / |c David LaRochelle ; traducción de Laura Emilia Pacheco. |
| 250 | |a Primera edición en libro electrónico. | ||
| 264 | 1 | |a Ciudad de México : |b Fondo de Cultura Económica, |c 2021. | |
| 300 | |a 1 online resource : |b illustrations. | ||
| 336 | |a still image |b sti |2 rdacontent | ||
| 337 | |a computer |b c |2 rdamedia | ||
| 338 | |a online resource |b cr |2 rdacarrier | ||
| 347 | |a text file |2 rdaft | ||
| 347 | |b PDF | ||
| 490 | 1 | |a Los Primerísimos | |
| 588 | 0 | |a Online resource; title from PDF title page (Digitalia, viewed February 4, 2025) | |
| 655 | 7 | |a Short stories. |2 lcgft | |
| 700 | 1 | |a Pacheco, Laura Emilia, |e translator. | |
| 700 | 1 | |i Translation of: |a LaRochelle, David. |t Best pet of all. | |
| 791 | 2 | |a Digitalia (Firm), |e distributor. | |
| 793 | 0 | |g Digitalia eBook Collection: |a Fondo de Cultura Económica | |
| 776 | 0 | 8 | |i Print version: |a LaRochelle, David. |s Best pet of all. Spanish (Pacheco). |t Mejor mascota. |b Primera edición en español, séptima reimpresión, 2021. |d Ciudad de México : Fondo de Cultura Económica, 2007 |z 9789681683740 |
| 830 | 0 | |a Primerísimos. | |
| 856 | 4 | 0 | |3 Digitalia Hispánica |u https://digitalia.unach.elogim.com/a/100567/ |
| 910 | |a Premium collection: 2025 | ||